000 00531nam a22001817a 4500
999 _c41708
_d41708
003 OSt
005 20221110144409.0
008 221103b ||||| |||| 00| 0 eng d
020 _a9781849738804
040 _coclc
082 _a641.300154
_bCOU/F
100 _94250
_aCoultate, Tom
245 _aFood the chemistry of its components /
_cTom coultate
250 _aSixth edition
260 _aUK:
_bRoyal society of chemistry,
_c2016
300 _a599
942 _2ddc
_cBK
_h641.300154
_iCOU/F
_k641.300154